000 00690cam a22002172 4500
001 0000024861
005 20151217145949.0
008 140320s xx 000 0 eng d
020 _a1584888123 :
040 _aKABU
_cKABU
100 1 _aRosenkrantz, Walter A.
_@0000183052
245 1 0 _aIntroduction to probability and statistics for science, engineering and finance /
_cWalter A. Rosenkrantz.
250 _a ed.
260 _aLondon :
_bCRC,
_c2009.
300 _a667 p. +
_e1 CD-ROM.
650 0 _aProbabilities.
_@0000154769
650 0 _aMathematical statistics.
_@0000148196
852 1 _9p3840 KES
908 _a140320
950 _@1
999 _c4563
_d4563